00341nam a2200133Ia 4500008004100000020000800041040001600049041001200065082001200077100002600089245003500115260004600150300001100196230917s9999||||xx |||||||||||||| ||und|| cRS3 e33262aMAIN aEnglish aB J572D aVerma, Surendra Kumar 0aFrance ki Lakshmibai devi Joan aAllahabadbAdarsh Hindi Pustakalayac1958 a182 p.